[Event "Gaeta Open"]
[Site "Gaeta"]
[Date "1987.??.??"]
[Round "?"]
[White "Martorelli, Antonio"]
[Black "Gazarek, Danko"]
[Result "1-0"]
[WhiteElo "2295"]
[BlackElo "2305"]
[PlyCount "137"]
[EventDate "1987.??.??"]
[Source "www.chesslib.no"]
[SourceDate "2004.05.04"]

1. e4 e5 2. Nf3 Nc6 3. Nc3 Nf6 4. Bb5 Bb4 5. O-O O-O 6. Bxc6 dxc6 7. d3 Bg4 8. h3 Bxf3 9. Qxf3 Nd7 10. Ne2 Re8 11. Ng3 g6 12. Qg4 Nf6 13. Qe2 Bf8 14. Bg5 Bg7 15. Qe3 Qd7 16. Bh6 Bh8 17. Rad1 b6 18. Kh1 Qd4 19. Qc1 Rad8 20. f4 exf4 21. Rxf4 Qe5 22. Rdf1 Rd7 23. Qd2 Nh5 24. Nxh5 Qxh5 25. Rg4 Qe5 26. b3 Qc3 27. Qd1 a5 28. Bd2 Qd4 29. Qf3 Qe5 30. Bh6 c5 31. a4 Bg7 32. Bxg7 Qxg7 33. Rf4 Ree7 34. Rf6 Rd6 35. Rf4 h5 36. g4 hxg4 37. hxg4 Rdd7 38. g5 Re5 39. Qg3 Rde7 40. Kg2 c4 41. bxc4 Rc5 42. Rf6 Ree5 43. Rxf7 Rxg5 44. Rxg7+ Kxg7 45. Rf4 Rxg3+ 46. Kxg3 c6 47. Rf1 b5 48. axb5 cxb5 49. cxb5 Rxb5 50. Ra1 Kf6 51. Kf4 g5+ 52. Kg4 Ke6 53. d4 Kd6 54. c4 Rb4 55. Rxa5 Rxc4 56. Rd5+ Ke6 57. Kxg5 Rc1 58. Ra5 Rg1+ 59. Kf4 Rf1+ 60. Ke3 Re1+ 61. Kf3 Rf1+ 62. Ke2 Rh1 63. Ra6+ Kd7 64. Kd3 Rb1 65. e5 Rb2 66. d5 Rb4 67. Ra7+ Kd8 68. d6 Rb1 69. Kd4 1-0

[Event "Soto mem"]
[Site "San Jose"]
[Date "1997.??.??"]
[Round "8"]
[White "Murillo, Alexis"]
[Black "Juarez Flores, Jorge Guillermo"]
[Result "1-0"]
[WhiteElo "2365"]
[BlackElo "2235"]
[PlyCount "113"]
[EventDate "1997.??.??"]
[Source "www.chesslib.no"]
[SourceDate "2004.05.04"]

1. e4 e5 2. Nf3 Nc6 3. Nc3 Nf6 4. Bb5 Bb4 5. O-O O-O 6. Bxc6 dxc6 7. d3 Qe7 8. Qe2 h6 9. Nd1 Nh7 10. Ne3 Qf6 11. h3 Bd6 12. Ng4 Qe7 13. Re1 c5 14. Bd2 Nf6 15. Ne3 Re8 16. g4 Nh7 17. Kh2 g6 18. Rg1 Kh8 19. Rg3 Ng5 20. Nxg5 hxg5 21. Nd5 Qd8 22. Qe3 c6 23. Nc3 Be7 24. Ne2 Kg7 25. Bc3 f6 26. Ng1 Rh8 27. Nf3 Qc7 28. Kg2 b5 29. b3 b4 30. Bb2 Bd7 31. a4 Rh7 32. Rh1 Rah8 33. Ng1 Qc8 34. f3 Be6 35. Kf1 Qg8 36. Rg2 Bxb3 37. cxb3 Qxb3 38. Rd2 Qxa4 39. Kg2 Qb3 40. Ne2 Kf7 41. Ra1 Rxh3 42. Rxa7 Rh2+ 43. Kf1 Rh1+ 44. Ng1 Ke6 45. Rxe7+ Kxe7 46. Qxc5+ Kd7 47. Qa7+ Kd6 48. Qg7 Ke6 49. Qc7 R8h2 50. Qxc6+ Ke7 51. Qc7+ Ke6 52. Qc1 Qa4 53. f4 Qa7 54. Qc4+ Ke7 55. d4 Qa4 56. Qd3 Rxd2 57. Qxd2 1-0

[Event "Bled op"]
[Site "Bled"]
[Date "1999.03.20"]
[Round "1"]
[White "Podlesnik, Bogdan"]
[Black "Kolar, Srecko"]
[Result "1/2-1/2"]
[WhiteElo "2409"]
[BlackElo "2175"]
[PlyCount "71"]
[EventDate "1999.03.20"]
[Source "ChessBase"]
[SourceDate "1999.05.10"]

1. e4 e5 2. Nf3 Nc6 3. Nc3 Nf6 4. Bb5 Bb4 5. O-O O-O 6. Bxc6 dxc6 7. d3 Bg4 8. h3 Bxf3 9. Qxf3 Bxc3 10. bxc3 Nd7 11. Qg3 Re8 12. Rb1 b6 13. f4 f6 14. fxe5 Nxe5 15. Bf4 c5 16. Rbd1 Rc8 17. h4 Qd7 18. Bxe5 Rxe5 19. Rxf6 Rxe4 20. dxe4 Qxd1+ 21. Rf1 Qd7 22. Qd3 Qe6 23. c4 Re8 24. Rf4 h6 25. Qd5 c6 26. Qxe6+ Rxe6 27. Kf2 g5 28. Rg4 Kf7 29. Ke3 Kg6 30. hxg5 hxg5 31. Rg3 Rd6 32. c3 Rd1 33. Rf3 Re1+ 34. Kd3 Rd1+ 35. Ke3 Re1+ 36. Kd3 1/2-1/2

[Event "First Saturday IM-A - Agosto 2008"]
[Site "Budapest UNG"]
[Date "2008.08.06"]
[Round "5"]
[White "Miltner, Arndt"]
[Black "Adams, Nick A"]
[Result "1-0"]
[WhiteElo "2354"]
[BlackElo "2222"]
[PlyCount "81"]
[EventDate "2008.08.02"]
[Source "www.chesslib.no"]
[SourceDate "2004.05.04"]

1. e4 e5 2. Nf3 Nc6 3. Nc3 Nf6 4. Bb5 Bb4 5. O-O O-O 6. Bxc6 bxc6 7. Nxe5 Bxc3 8. dxc3 Nxe4 9. Qd4 Nd6 10. Bf4 Qf6 11. Rfe1 Qf5 12. Rad1 c5 13. Qa4 Bb7 14. f3 Rad8 15. Nd3 Bc6 16. Qxa7 c4 17. Bxd6 cxd6 18. Nb4 Ra8 19. Qd4 h5 20. Qxc4 Qg5 21. Kf2 Rfe8 22. h4 Qf5 23. Qd4 Re6 24. Re3 Rg6 25. Rde1 Kh7 26. b3 Bb7 27. a4 Ra5 28. R1e2 Rc5 29. Ke1 Re5 30. Rxe5 dxe5 31. Rxe5 Re6 32. Nd3 Qg6 33. Kf2 Rd6 34. Qe3 f6 35. Re7 Rd5 36. Kg1 Rf5 37. Kh2 Ra5 38. Rxd7 Bc6 39. Rc7 Ba8 40. Ra7 Rxa7 41. Qxa7 1-0

[Event "Balkan-ch"]
[Site "Istanbul"]
[Date "2001.11.19"]
[Round "1"]
[White "Seitaj, Ilir"]
[Black "Laciner, Kerem"]
[Result "1-0"]
[WhiteElo "2386"]
[BlackElo "2161"]
[PlyCount "143"]
[EventDate "2001.11.19"]
[Source "ChessBase"]
[SourceDate "2002.01.21"]

1. e4 e5 2. Nf3 Nc6 3. Nc3 Nf6 4. Bb5 Bb4 5. O-O O-O 6. Bxc6 dxc6 7. d3 Bg4 8. h3 Bh5 9. Qe2 Nd7 10. Nd1 Re8 11. Ne3 Bf8 12. Nf5 f6 13. Ng3 Bf7 14. Be3 c5 15. Nd2 g6 16. b3 b6 17. Rae1 Bg7 18. Qd1 Nf8 19. f4 Qe7 20. f5 g5 21. Qg4 Nd7 22. h4 h6 23. Kf2 Nb8 24. Kg1 Nd7 25. Rf3 Rf8 26. Nh5 Bxh5 27. Qxh5 Qf7 28. Qxf7+ Kxf7 29. hxg5 hxg5 30. Rh3 Rh8 31. Nc4 Rad8 32. Kf2 Nb8 33. Rxh8 Bxh8 34. Ke2 Nc6 35. Kd1 Bg7 36. Rh1 Kg8 37. Kc1 Bf8 38. Kb2 b5 39. Nd2 Nd4 40. g4 Kg7 41. Rh3 Be7 42. Rh2 Nc6 43. Nf3 Nd4 44. Nd2 Nc6 45. Nb1 Nd4 46. Nc3 c6 47. Nb1 Rh8 48. Rxh8 Kxh8 49. Nd2 b4 50. c3 Nb5 51. cxb4 cxb4 52. Nc4 Bd8 53. a4 bxa3+ 54. Nxa3 Nxa3 55. Kxa3 Bb6 56. Bd2 Kg7 57. Kb4 Kf7 58. Kc4 Ke7 59. Bb4+ Kd7 60. Bf8 Ke8 61. Ba3 Kd7 62. Bb4 Ke8 63. Bc3 Kd7 64. b4 Kd6 65. d4 exd4 66. Bxd4 Bxd4 67. Kxd4 a6 68. e5+ fxe5+ 69. Ke4 c5 70. bxc5+ Kc6 71. f6 Kd7 72. c6+ 1-0

[Event "Guanaba Quadrangular"]
[Site "?"]
[Date "1998.??.??"]
[Round "?"]
[White "Kubrusly Jose Cristovam"]
[Black "Rios Filho Hilton Carlos"]
[Result "1/2-1/2"]
[WhiteElo "2225"]
[BlackElo "2275"]
[PlyCount "39"]
[EventDate "1998.??.??"]
[Source "www.chesslib.no"]
[SourceDate "2004.05.04"]

1. e4 e5 2. Nf3 Nc6 3. Nc3 Nf6 4. Bb5 Bb4 5. O-O O-O 6. Bxc6 dxc6 7. d3 Qd6 8. Ne2 Rd8 9. Ng3 Qe6 10. h3 Bf8 11. Qe1 Ne8 12. Nh2 Bd6 13. b3 Bd7 14. Kh1 c5 15. Ng4 Nf6 16. Nxf6+ Qxf6 17. Bd2 b6 18. Qe2 Qh4 19. Nf5 Bxf5 20. exf5 1/2-1/2

[Event "Paris FRA"]
[Site "?"]
[Date "2004.07.06"]
[Round "4"]
[White "Guillon Cyril"]
[Black "Fayard Alain"]
[Result "1/2-1/2"]
[WhiteElo "2212"]
[BlackElo "2253"]
[PlyCount "23"]
[EventDate "2004.??.??"]
[Source "www.chesslib.no"]
[SourceDate "2004.05.04"]

1. e4 e5 2. Nf3 Nc6 3. Nc3 Nf6 4. Bb5 Bb4 5. O-O O-O 6. Bxc6 dxc6 7. Nxe5 Bxc3 8. dxc3 Qe7 9. Nd3 Qxe4 10. Bf4 Nd5 11. Re1 Qg6 12. Bg3 1/2-1/2

[Event "Nuernberg"]
[Site "?"]
[Date "2006.09.08"]
[Round "3"]
[White "Hirneise Jens"]
[Black "Vijayalakshmi Subbaraman"]
[Result "0-1"]
[WhiteElo "2002"]
[BlackElo "2417"]
[PlyCount "52"]
[EventDate "2006.??.??"]
[Source "www.chesslib.no"]
[SourceDate "2004.05.04"]

1. e4 e5 2. Nf3 Nc6 3. Nc3 Nf6 4. Bb5 Bb4 5. O-O O-O 6. Bxc6 bxc6 7. Nxe5 Bxc3 8. dxc3 Nxe4 9. Qf3 Nd6 10. Bf4 f6 11. Nd3 Nf7 12. Rfe1 Rb8 13. Rad1 Rb5 14. c4 Ra5 15. Nb4 Bb7 16. Qd3 d6 17. Qc3 Rf5 18. Nd3 Qc8 19. Qd4 c5 20. Qe3 Ne5 21. Bxe5 fxe5 22. f3 Qe6 23. b3 Qg6 24. Rf1 Bxf3 25. Rd2 Bxg2 26. Rxf5 Bh3+ 0-1

[Event "Salongernas Elo"]
[Site "Stockholm"]
[Date "1999.06.12"]
[Round "8"]
[White "Logdahl, Harald"]
[Black "Ullen, Jan"]
[Result "1-0"]
[WhiteElo "2204"]
[BlackElo "2175"]
[PlyCount "125"]
[EventDate "1999.06.??"]
[Source "ChessBase"]
[SourceDate "1999.07.10"]

1. e4 e5 2. Nf3 Nc6 3. Nc3 Nf6 4. Bb5 Bb4 5. O-O O-O 6. Bxc6 dxc6 7. d3 Re8 8. Ne2 c5 9. Ng3 Qd6 10. Nh4 c4 11. dxc4 Qxd1 12. Rxd1 Be6 13. b3 Bc3 14. Rb1 a5 15. a4 Bg4 16. f3 Be6 17. Nhf5 Bb4 18. Kf1 Nd7 19. h3 Nf8 20. Bd2 Bc5 21. Nh5 Bxf5 22. exf5 f6 23. Bc3 Kf7 24. Ng3 g6 25. fxg6+ hxg6 26. Ne4 Be7 27. Rd3 b6 28. Bd2 Ne6 29. Be3 Rad8 30. Rbd1 Rxd3 31. Rxd3 f5 32. Nc3 Bc5 33. Rd7+ Re7 34. Rxe7+ Bxe7 35. Nd5 Bd6 36. Ke2 Ke8 37. g4 Kf7 38. h4 Bf8 39. Kd3 Bd6 40. Ke2 Bf8 41. Kf1 Bd6 42. Kg2 Ng7 43. Kh3 Ke6 44. Bh6 Kf7 45. Bxg7 Kxg7 46. h5 Kh6 47. hxg6 Kxg6 48. Ne3 f4 49. Nd1 Be7 50. Nc3 Bd6 51. Ne4 Be7 52. Kg2 Kf7 53. Kf1 Ke6 54. Ke2 Kd7 55. Kd3 Ke6 56. Nc3 c6 57. Ke4 Bb4 58. Nd1 Bc5 59. Nb2 Bd6 60. Nd3 Bc7 61. g5 c5 62. g6 Kf6 63. Nxe5 1-0

[Event "CZE-chTV 0102"]
[Site "?"]
[Date "2002.??.??"]
[Round "1"]
[White "Jacek Martin"]
[Black "Kalivoda Jaroslav"]
[Result "1/2-1/2"]
[WhiteElo "2151"]
[BlackElo "2192"]
[PlyCount "69"]
[EventDate "2002.??.??"]
[Source "www.chesslib.no"]
[SourceDate "2004.05.04"]

1. e4 e5 2. Nf3 Nc6 3. Nc3 Nf6 4. Bb5 Bb4 5. O-O O-O 6. Bxc6 dxc6 7. d3 Bg4 8. h3 Bxf3 9. Qxf3 Qd6 10. Ne2 Qe6 11. g4 Nd7 12. Ng3 g6 13. a3 Be7 14. Bh6 Rfe8 15. Kg2 Bf8 16. Qe3 c5 17. Rh1 c4 18. Bxf8 Nxf8 19. d4 exd4 20. Qxd4 b6 21. Rad1 c5 22. Qc3 Qe5 23. Qxe5 Rxe5 24. f4 Ree8 25. f5 Rad8 26. Kf3 f6 27. Ne2 Nd7 28. Nf4 Ne5+ 29. Ke3 Kf7 30. Ne6 Rxd1 31. Rxd1 Rc8 32. Rd5 Ke7 33. Kf4 h6 34. Ke3 g5 35. Ng7 1/2-1/2

[Event "Campionato turco 2007"]
[Site "Ankara TUR"]
[Date "2007.03.06"]
[Round "6"]
[White "Demirel, T."]
[Black "Tanrikulu, S."]
[Result "1-0"]
[WhiteElo "2203"]
[BlackElo "2131"]
[PlyCount "57"]
[EventDate "2007.03.01"]
[Source "www.chesslib.no"]
[SourceDate "2004.05.04"]

1. e4 e5 2. Nf3 Nc6 3. Nc3 Nf6 4. Bb5 Bb4 5. O-O O-O 6. Bxc6 dxc6 7. d3 Qe7 8. h3 h6 9. Ne2 Bc5 10. g4 h5 11. g5 Nh7 12. Kh2 f6 13. g6 Ng5 14. Neg1 Nxh3 15. Nxh3 Bg4 16. Rg1 Qe6 17. Rxg4 hxg4 18. Nh4 gxh3 19. Qh5 Rfd8 20. Nf5 Rd7 21. Kg3 Kf8 22. Bd2 Rad8 23. Rh1 Qg8 24. Rxh3 Ke8 25. Qh8 Qxh8 26. Rxh8+ Bf8 27. Bb4 Rd6 28. Bxd6 cxd6 29. Nxg7+ 1-0

[Event "HUN Ch women"]
[Site "HUN"]
[Date "1992.??.??"]
[Round "10"]
[White "Zimmersmann, Rita"]
[Black "Burjan, Anita"]
[Result "1-0"]
[WhiteElo "2280"]
[BlackElo "2050"]
[PlyCount "81"]
[EventDate "1992.??.??"]
[Source "www.chesslib.no"]
[SourceDate "2004.05.04"]

1. e4 e5 2. Nf3 Nc6 3. Nc3 Nf6 4. Bb5 Bb4 5. O-O O-O 6. Bxc6 dxc6 7. d3 Re8 8. h3 h6 9. Ne2 Bf8 10. Ng3 g6 11. Be3 c5 12. Qd2 Kh7 13. Rae1 b6 14. Nh2 Ba6 15. b3 b5 16. Qc3 c4 17. bxc4 bxc4 18. d4 exd4 19. Bxd4 Bg7 20. Rd1 Qe7 21. Rfe1 c5 22. Qa5 cxd4 23. Qxa6 Qc5 24. Nf3 Rad8 25. e5 Re6 26. Qa4 Nd7 27. Ne4 Qc7 28. Rxd4 Nxe5 29. Nfg5+ hxg5 30. Nxg5+ Kg8 31. Nxe6 fxe6 32. Rxd8+ Qxd8 33. Qxa7 Qg5 34. Qa8+ Kh7 35. Qe4 c3 36. f4 Qg3 37. fxe5 Bf8 38. Rf1 Bc5+ 39. Kh1 Qg5 40. Qf4 Qd8 41. Qf7+ 1-0

[Event "Caorle Open"]
[Site "Caorle ITA"]
[Date "1981.??.??"]
[Round "8"]
[White "Falchetta, Giovanni"]
[Black "Masera, Umberto"]
[Result "1/2-1/2"]
[WhiteElo "1990"]
[BlackElo "2110"]
[PlyCount "56"]
[EventDate "1981.??.??"]
[Source "www.chesslib.no"]
[SourceDate "2004.05.04"]

1. e4 e5 2. Nf3 Nc6 3. Nc3 Nf6 4. Bb5 Bb4 5. O-O O-O 6. Bxc6 bxc6 7. Nxe5 Re8 8. d4 Bxc3 9. bxc3 Nxe4 10. Qf3 Nd6 11. Ba3 f6 12. Bxd6 cxd6 13. Ng4 Qe7 14. Qg3 Qe6 15. f3 Kh8 16. Rfe1 Qf7 17. Qxd6 Ba6 18. a4 Rxe1+ 19. Rxe1 Re8 20. Qg3 h5 21. Ne3 d5 22. Nd1 Kh7 23. Qf2 Re7 24. Re3 Qf8 25. Qe1 Rxe3 26. Qxe3 Qa3 27. Qe8 Qc1 28. Qxh5+ Kg8 1/2-1/2

[Event "Corr"]
[Site "?"]
[Date "2003.09.11"]
[Round "?"]
[White "Corallo John"]
[Black "Theofel Heiner"]
[Result "1-0"]
[WhiteElo "1198"]
[BlackElo "1319"]
[PlyCount "25"]
[EventDate "2003.??.??"]
[Source "www.chesslib.no"]
[SourceDate "2004.05.04"]

1. e4 e5 2. Nf3 Nc6 3. Nc3 Nf6 4. Bb5 Bb4 5. O-O O-O 6. Bxc6 dxc6 7. d3 Re8 8. Bg5 h6 9. Bh4 Bg4 10. h3 Bxf3 11. Qxf3 Re6 12. Nd1 Rd6 13. Ne3 1-0

[Event "Corr"]
[Site "?"]
[Date "2004.02.03"]
[Round "?"]
[White "Corallo John"]
[Black "Van Gimst Herman"]
[Result "0-1"]
[WhiteElo "1209"]
[BlackElo "1200"]
[PlyCount "61"]
[EventDate "2004.??.??"]
[Source "www.chesslib.no"]
[SourceDate "2004.05.04"]

1. e4 e5 2. Nf3 Nc6 3. Nc3 Nf6 4. Bb5 Bb4 5. O-O O-O 6. Bxc6 dxc6 7. d3 Qe7 8. Ne2 Bd6 9. Ng3 h6 10. Nh4 Bg4 11. Nhf5 Bxd1 12. Nxe7+ Bxe7 13. Rxd1 Bc5 14. h3 Rad8 15. c3 Rd7 16. d4 exd4 17. c4 Re8 18. f3 b5 19. cxb5 d3+ 20. Kf1 cxb5 21. Bf4 Bb6 22. e5 Nh7 23. h4 g5 24. hxg5 hxg5 25. Bxg5 Nxg5 26. Nh5 Nh7 27. f4 f6 28. Rd2 fxe5 29. f5 e4 30. f6 e3 31. Re1 0-1